[Event "SVK-chT3A2 2122"]
[Site "Slovakia"]
[Date "2021.11.07"]
[Round "3.7"]
[White "Svrcek, Daniel"]
[Black "Lesay, Jozef"]
[Result "1-0"]
[WhiteElo "1507"]
[BlackElo "1662"]
[PlyCount "67"]
[EventDate "2021.10.10"]
[EventType "team-tourn"]
[EventRounds "11"]
[EventCountry "SVK"]
[SourceTitle "EXT 2023"]
[Source "ChessBase"]
[SourceDate "2022.10.05"]
[SourceVersion "1"]
[SourceVersionDate "2022.10.05"]
[SourceQuality "1"]
[WhiteTeam "Holic"]
[BlackTeam "Piestany Kupele II"]
[WhiteTeamCountry "SVK"]
[BlackTeamCountry "SVK"]

1. e4 e5 2. Nf3 Nc6 3. Bb5 a6 4. Ba4 Bc5 5. c3 Nf6 6. d3 d6 7. Bg5 0-0 8. 0-0 Bg4 9. Nbd2 b5 10. Bb3 Qe7 11. h3 Be6 12. Re1 Rfe8 13. Nf1 a5 14. d4 exd4 15. Bxe6 fxe6 16. cxd4 Bb6 17. e5 dxe5 18. dxe5 Nxe5 19. Rxe5 Qb4 20. Bxf6 gxf6 21. Re2 Rad8 22. Rd2 c5 23. a3 Qf4 24. Qb3 Rxd2 25. N1xd2 b4 26. Re1 Kf7 27. axb4 cxb4 28. Qd3 f5 29. Ne5+ Kg8 30. Ndf3 Qg3 31. Rf1 Rd8 32. Qe2 Qg7 33. Rd1 Rxd1+ 34. Qxd1 1-0

[Event "SVK-chT4 A21 2122"]
[Site "Slovakia"]
[Date "2021.10.17"]
[Round "1.4"]
[White "Benci, Jozef1111"]
[Black "Svrcek, Daniel"]
[Result "1/2-1/2"]
[WhiteElo "1671"]
[BlackElo "1560"]
[PlyCount "32"]
[EventDate "2021.10.17"]
[EventType "team-tourn"]
[EventRounds "11"]
[EventCountry "SVK"]
[SourceTitle "EXT 2023"]
[Source "ChessBase"]
[SourceDate "2022.10.05"]
[SourceVersion "1"]
[SourceVersionDate "2022.10.05"]
[SourceQuality "1"]
[WhiteTeam "Brezova pod Bradlom"]
[BlackTeam "Holic II"]
[WhiteTeamCountry "SVK"]
[BlackTeamCountry "SVK"]

1. e4 e6 2. d3 d5 3. Nd2 dxe4 4. dxe4 Nc6 5. g3 e5 6. Bg2 Bc5 7. Ngf3 Nf6 8. 0-0 0-0 9. Qe2 h6 10. Nc4 Qe7 11. Be3 Bxe3 12. Qxe3 b6 13. c3 Ba6 14. Nfd2 Rad8 15. Rfe1 Qe6 16. Bf1 Nb8 1/2-1/2

[Event "SVK-chT5 1718"]
[Site "Slovakia"]
[Date "2018.02.17"]
[Round "7"]
[White "Nater, Nikolas"]
[Black "Svrcek, Daniel"]
[Result "0-1"]
[WhiteElo "1303"]
[BlackElo "1293"]
[PlyCount "54"]
[EventDate "2017.10.21"]
[EventType "team-tourn"]
[EventRounds "9"]
[EventCountry "SVK"]
[SourceTitle "EXT 2019"]
[Source "ChessBase"]
[SourceDate "2018.10.10"]
[SourceVersion "1"]
[SourceVersionDate "2018.10.10"]
[SourceQuality "1"]
[WhiteTeam "Senica III"]
[BlackTeam "Holic III"]
[WhiteTeamCountry "SVK"]
[BlackTeamCountry "SVK"]

1. e4 e6 2. Nc3 d5 3. exd5 exd5 4. Nf3 Nf6 5. d3 Bg4 6. g3 Bb4 7. Bg2 d4 8. a3 Qe7+ 9. Be3 Bxc3+ 10. bxc3 dxe3 11. 0-0 e2 12. Qe1 exf1Q+ 13. Bxf1 Bxf3 14. Qxe7+ Kxe7 15. Re1+ Kd7 16. Bg2 Bxg2 17. Kxg2 Re8 18. Rb1 b6 19. c4 Nc6 20. c3 Ne5 21. f4 Neg4 22. d4 Re2+ 23. Kf1 Rxh2 24. c5 Nd5 25. cxb6 axb6 26. c4 Nde3+ 27. Ke1 Nxc4 0-1

[Event "SVK-chT5 1718"]
[Site "Slovakia"]
[Date "2017.11.04"]
[Round "2"]
[White "Romanova, Ela"]
[Black "Svrcek, Daniel"]
[Result "1-0"]
[WhiteElo "1432"]
[BlackElo "1293"]
[PlyCount "99"]
[EventDate "2017.10.21"]
[EventType "team-tourn"]
[EventRounds "9"]
[EventCountry "SVK"]
[SourceTitle "EXT 2019"]
[Source "ChessBase"]
[SourceDate "2018.10.10"]
[SourceVersion "1"]
[SourceVersionDate "2018.10.10"]
[SourceQuality "1"]
[WhiteTeam "Skalica IV"]
[BlackTeam "Holic III"]
[WhiteTeamCountry "SVK"]
[BlackTeamCountry "SVK"]

1. d4 e6 2. Nf3 d5 3. Nc3 c5 4. e4 Nc6 5. Be3 Qb6 6. exd5 cxd4 7. Nxd4 Nxd4 8. Bxd4 Qc7 9. dxe6 Bxe6 10. Bb5+ Bd7 11. Qe2+ Ne7 12. 0-0 Bxb5 13. Qxb5+ Qc6 14. Rad1 a6 15. Qxc6+ Nxc6 16. Rfe1+ Ne7 17. Bc5 Rd8 18. Bd6 f6 19. Rd3 Kf7 20. Red1 Nc6 21. Bxf8 Rhxf8 22. g3 Kg8 23. a3 Rxd3 24. Rxd3 Ne5 25. Rd1 Re8 26. Kf1 Kf7 27. Ne4 Kg6 28. b3 Nf3 29. Nd6 Re7 30. Kg2 Ne1+ 31. Kf1 Nxc2 32. a4 Rd7 33. Rd2 Nb4 34. h4 h6 35. g4 Nc6 36. h5+ Kh7 37. f4 Nd8 38. Ke2 Ne6 39. f5 Nc5 40. Nc4 Rxd2+ 41. Nxd2 Kg8 42. Ke3 Kf7 43. Kd4 Nd7 44. Nc4 Ke7 45. Kd5 Nb8 46. Nd6 b5 47. axb5 axb5 48. Nxb5 Kd7 49. Nd4 Nc6 50. Nxc6 1-0

[Event "SVK-chT5 SE-SI 1617"]
[Site "Slovakia"]
[Date "2017.03.18"]
[Round "9.2"]
[White "Damborsky, Pavol"]
[Black "Svrcek, Daniel"]
[Result "1-0"]
[WhiteElo "1651"]
[BlackElo "1299"]
[PlyCount "89"]
[EventDate "2016.10.15"]
[EventType "team-tourn"]
[EventRounds "9"]
[EventCountry "SVK"]
[SourceTitle "EXT 2020"]
[Source "ChessBase"]
[SourceDate "2019.10.17"]
[SourceVersion "1"]
[SourceVersionDate "2019.10.17"]
[SourceQuality "1"]
[WhiteTeam "Kopcany"]
[BlackTeam "Holic IV"]
[WhiteTeamCountry "SVK"]
[BlackTeamCountry "SVK"]

1. e4 e6 2. d4 d5 3. e5 c5 4. c3 Nc6 5. Nf3 Bd7 6. Bd3 Qb6 7. Bc2 cxd4 8. cxd4 Bb4+ 9. Nc3 Nge7 10. a3 Bxc3+ 11. bxc3 0-0 12. 0-0 Rac8 13. Bd2 Ng6 14. Rb1 Qc7 15. Ng5 Nce7 16. Qh5 h6 17. Nh3 Nf5 18. Bxf5 exf5 19. f4 Nh8 20. Rb4 Qc6 21. Rfb1 b6 22. Nf2 Qg6 23. Qxg6 Nxg6 24. g3 Rc7 25. Nd1 Rfc8 26. R1b3 Ne7 27. Ne3 Kf8 28. a4 Kg8 29. Ra3 Ra8 30. a5 Rb7 31. axb6 Bc6 32. Rxa7 Raxa7 33. bxa7 Rxa7 34. Kf2 g6 35. c4 dxc4 36. Nxc4 Nd5 37. Rb2 Ra4 38. Ne3 Rxd4 39. Nxd5 Rxd5 40. Bc3 Rc5 41. Bd4 Rc4 42. Ke3 Be4 43. Rb8+ Kg7 44. e6+ Kh7 45. Rh8# 1-0